<?xml version="1.0" encoding="UTF-8"?>
<record
    xmlns:xsi="http://www.w3.org/2001/XMLSchema-instance"
    xsi:schemaLocation="http://www.loc.gov/MARC21/slim http://www.loc.gov/standards/marcxml/schema/MARC21slim.xsd"
    xmlns="http://www.loc.gov/MARC21/slim">

  <leader>02026    a2200217   4500</leader>
  <controlfield tag="001">29999</controlfield>
  <controlfield tag="005">20260407155611.0</controlfield>
  <controlfield tag="008">260407a    arg                 spa d    </controlfield>
  <controlfield tag="003">AR-UNSa-BCEJYS</controlfield>
  <datafield tag="040" ind1=" " ind2=" ">
    <subfield code="a">AR-UNSa-BCEJYS</subfield>
    <subfield code="b">spa</subfield>
    <subfield code="c">AR-UNSa-BCEJYS</subfield>
  </datafield>
  <datafield tag="080" ind1=" " ind2=" ">
    <subfield code="a">657.474.55</subfield>
    <subfield code="x">Costes directos e indirectos. Costes marginales
</subfield>
  </datafield>
  <datafield tag="245" ind1="1" ind2="0">
    <subfield code="a">Costes standard</subfield>
  </datafield>
  <datafield tag="264" ind1=" " ind2="1">
    <subfield code="a">Madrid :</subfield>
    <subfield code="b">Iberico Europea de Ediciones</subfield>
  </datafield>
  <datafield tag="300" ind1=" " ind2=" ">
    <subfield code="a">142 p.</subfield>
    <subfield code="c">23 cm.</subfield>
  </datafield>
  <datafield tag="505" ind1=" " ind2=" ">
    <subfield code="a">Primera parte La introducci&#xF3;n del sistema de costos standars - 1. Objetivo de la empresa y sistemas de costes standard - 2. Principios b&#xE1;sicos del sistema de coste st&#xE1;ndard - 3. Presupuestos para realizar una implantaci&#xF3;n racional del sistema en la empresa - 4. Aplicaci&#xF3;n del sistema de coste standard - Segunda parte La administraci&#xF3;n del sistema de coste standard - 1. La coparticipaci&#xF3;n funcional en la administraci&#xF2;n del sistema - 2. Peligros de una adminisracion est&#xE9;ril del sistema - 3. La contabilidad dentro de una administraci&#xF3;n eficiente del sistema - 4. La organizaci&#xF3;n de la producci&#xF3;n dentro de una administraci&#xF3;n eficiente del sistema - Tercera parte La utilizaci&#xF3;n del sistema de coste standard - 1. La direcci&#xF3;n de la empresa y el sistema de coste standard - 2. Los mandos ejecutivos y el sistema de coste stadard - 3. La direcci&#xF3;n comercial y el sistema de coste standard - 4. La direcci&#xF3;n de aprovisionamiento y el sistema de coste standard - 5. La direcci&#xF3;n de proyectos y desarrollo de instalaciones y el sistema de coste standard - 6. La direcci&#xF3;n del personal y el sistema de coste standard - Cuarta parte Los instrumentos que permiten al sistema de costes standard efectuar pr&#xE1;cticamente el control de costes - 1 .An&#xE1;lisis de las variaciones y estudios de conveniencia econ&#xF3;mica - 2. Informes sobre costes - 3. Reuniones para el examen y el control de costes - 4. Medidas correctivas</subfield>
  </datafield>
  <datafield tag="041" ind1=" " ind2=" ">
    <subfield code="a">spa</subfield>
  </datafield>
  <datafield tag="942" ind1=" " ind2=" ">
    <subfield code="c">BK</subfield>
  </datafield>
  <datafield tag="590" ind1=" " ind2=" ">
    <subfield code="a">niveau_biblio:m niveau_hierar:0</subfield>
  </datafield>
  <datafield tag="100" ind1="1" ind2=" ">
    <subfield code="a">Castagnoli, Paolo</subfield>
  </datafield>
  <datafield tag="700" ind1="1" ind2=" ">
    <subfield code="a">Arnedo, Miguel</subfield>
  </datafield>
  <datafield tag="999" ind1=" " ind2=" ">
    <subfield code="c">1994</subfield>
    <subfield code="d">1994</subfield>
  </datafield>
  <datafield tag="952" ind1=" " ind2=" ">
    <subfield code="0">0</subfield>
    <subfield code="1">0</subfield>
    <subfield code="4">0</subfield>
    <subfield code="7">0</subfield>
    <subfield code="a">BCEJYS</subfield>
    <subfield code="b">BCEJYS</subfield>
    <subfield code="c">16</subfield>
    <subfield code="d">2026-04-07</subfield>
    <subfield code="l">0</subfield>
    <subfield code="o">657.474.55 C346</subfield>
    <subfield code="p">L21690</subfield>
    <subfield code="r">2026-04-07 15:56:11</subfield>
    <subfield code="w">2026-04-07</subfield>
    <subfield code="y">L</subfield>
  </datafield>
  <datafield tag="952" ind1=" " ind2=" ">
    <subfield code="0">0</subfield>
    <subfield code="1">0</subfield>
    <subfield code="4">0</subfield>
    <subfield code="7">0</subfield>
    <subfield code="a">BCEJYS</subfield>
    <subfield code="b">BCEJYS</subfield>
    <subfield code="c">16</subfield>
    <subfield code="d">2026-04-07</subfield>
    <subfield code="l">0</subfield>
    <subfield code="o">657.474.55 C346</subfield>
    <subfield code="p">L22505</subfield>
    <subfield code="r">2026-04-07 15:56:11</subfield>
    <subfield code="w">2026-04-07</subfield>
    <subfield code="y">L</subfield>
  </datafield>
</record>
